000 01583nam0a2200421 4500
001 RU\NLR\bibl\821657
005 20250614135433.0
010 _a5-89822-117-4
_9600
021 _aRU
_b2005-31639
_91583
035 _aEL/0000023385
035 _aRUSMED\0000040757
035 _a(NLR Aleph) 000810568
090 _a1238563
_c1238563
100 _a20050609d2005 |||y0rusy50 ca
101 0 _arus
102 _aRU
105 _aa |||||||||
200 1 _aХронофармакология на рубеже веков
_fЭ. Б. Арушанян
_gМ-во здравоохранения и социал. развития Рос. Федерации, Ставроп. гос. мед. акад.
210 _aСтаврополь
_cСтавропольская государственная медицинская академия
_d2005
215 _a574, [2] с.
_cил.
_d21
300 _aВ конце кн. авт.: Засл. деят. науки РФ, д.м.н., проф.
320 _aБиблиогр. в конце кн.
606 1 _aХронофармакология
_91298354
_3RU\NLR\auth\66220012
675 _a612.81
_vudc
686 _a-
_2rugasnti
686 _aG01.703
_2MeSH
686 _aG02.628
_2MeSH
686 _aH01.158.703
_2MeSH
686 _aР281.2
686 _aР352
700 1 _aАрушанян
_bЭ. Б.
_gЭдуард Бениаминович
_4070
801 0 _aRU
_bЦНМБ
_c20050609
_gPSBO
801 1 _aRU
_bЦНМБ
_c20050609
801 2 _aRU
_bNLR
_c20050719
_gPSBO
942 _cBOOK
980 _aNB
980 _aNBR